<?xml version="1.0" encoding="UTF-8"?><?xml-stylesheet type="text/xsl" href="static/style.xsl"?><OAI-PMH xmlns="http://www.openarchives.org/OAI/2.0/" xmlns:xsi="http://www.w3.org/2001/XMLSchema-instance" xsi:schemaLocation="http://www.openarchives.org/OAI/2.0/ http://www.openarchives.org/OAI/2.0/OAI-PMH.xsd"><responseDate>2026-04-28T21:06:10Z</responseDate><request verb="GetRecord" identifier="oai:uvadoc.uva.es:10324/61" metadataPrefix="marc">https://uvadoc.uva.es/oai/request</request><GetRecord><record><header><identifier>oai:uvadoc.uva.es:10324/61</identifier><datestamp>2025-02-18T13:18:44Z</datestamp><setSpec>com_10324_30605</setSpec><setSpec>com_10324_894</setSpec><setSpec>col_10324_41</setSpec></header><metadata><record xmlns="http://www.loc.gov/MARC21/slim" xmlns:doc="http://www.lyncode.com/xoai" xmlns:xsi="http://www.w3.org/2001/XMLSchema-instance" xmlns:dcterms="http://purl.org/dc/terms/" xsi:schemaLocation="http://www.loc.gov/MARC21/slim http://www.loc.gov/standards/marcxml/schema/MARC21slim.xsd">
<leader>00925njm 22002777a 4500</leader>
<datafield tag="042" ind1=" " ind2=" ">
<subfield code="a">dc</subfield>
</datafield>
<datafield tag="720" ind1=" " ind2=" ">
<subfield code="a">Fortuna Lindo, José María</subfield>
<subfield code="e">author</subfield>
</datafield>
<datafield tag="260" ind1=" " ind2=" ">
<subfield code="c">1999</subfield>
</datafield>
<datafield tag="520" ind1=" " ind2=" ">
<subfield code="a">La investigación resume las teorías explicativas de los procesos de fusión y adquisición empresariales, centrándose en el análisis del mercado de control empresarial como mecanismo de resolución de los problemas de agencia derivados de la separación entre la propiedad y los gestores. Se estudian las interrelaciones entre los mecanismos internos de incentivo y supervisión, así como éstos con la eficiencia relativa observada. Asimismo, se analizan los factores desencadenantes y las consecuencias de las OPAs ocurridas en España durante el período 1991-1995, estimando un modelo de probabilidad mediante regresión logística que ayuda a revelar el perfil característico de las sociedades objetivo de toma de control.</subfield>
</datafield>
<datafield tag="024" ind2=" " ind1="8">
<subfield code="a">http://uvadoc.uva.es/handle/10324/61</subfield>
</datafield>
<datafield tag="024" ind2=" " ind1="8">
<subfield code="a">b1093927</subfield>
</datafield>
<datafield tag="024" ind2=" " ind1="8">
<subfield code="a">10.35376/10324/61</subfield>
</datafield>
<datafield ind1=" " ind2=" " tag="653">
<subfield code="a">Ofertas públicas de compra (valores mobiliarios)</subfield>
</datafield>
<datafield ind1=" " ind2=" " tag="653">
<subfield code="a">Gestión de empresas-España</subfield>
</datafield>
<datafield ind1=" " ind2=" " tag="653">
<subfield code="a">Acciones (títulos de sociedad)-Compra</subfield>
</datafield>
<datafield tag="245" ind1="0" ind2="0">
<subfield code="a">Discrecionalidad directiva, costes de agencia y mecanismos de control en las ofertas públicas de adquisición de acciones en España</subfield>
</datafield>
</record></metadata></record></GetRecord></OAI-PMH>